Potenciar la capacidad de aprender a aprender (Registro nro. 53569)
[ vista simple ]
| 000 -LEADER | |
|---|---|
| campo de control de longitud fija | 01196nam a2200385 i 4500 |
| 003 - IDENTIFICADOR DE NÚMERO DE CONTROL | |
| campo de control | peliumch |
| 005 - FECHA Y HORA DE LA ÚLTIMA TRANSACCIÓN | |
| campo de control | 20260115142108.0 |
| 007 - CAMPO FIJO DE DESCRIPCIÓN FÍSICA--INFORMACIÓN GENERAL | |
| campo de control de longitud fija | ta |
| 008 - DATOS DE LONGITUD FIJA--INFORMACIÓN GENERAL | |
| campo de control de longitud fija | 260112b |||||||| |||| 00| 0 eng d |
| 020 ## - NÚMERO INTERNACIONAL ESTÁNDAR DEL LIBRO | |
| Número Internacional Estándar del Libro | 9972205339 |
| 040 ## - FUENTE DE CATALOGACIÓN | |
| Centro catalogador/agencia de origen | UMCH |
| Lengua de catalogación | spa |
| Centro/agencia transcriptor | UMCH |
| Centro/agencia modificador | jmr |
| Normas de descripción | rda |
| 041 0# - CÓDIGO DE IDIOMA | |
| Código de lengua del texto/banda sonora o título independiente | spa |
| 043 ## - CÓDIGO DE ÁREA GEOGRÁFICA | |
| Código de área geográfica | s-pe--- |
| 082 ## - NÚMERO DE LA CLASIFICACIÓN DECIMAL DEWEY | |
| Número de clasificación | 370.152/O58p |
| 100 1# - ENTRADA PRINCIPAL--NOMBRE DE PERSONA | |
| Nombre de persona | Ontoria Peña, Antonio. |
| Término indicativo de función/relación | autor. |
| 245 ## - MENCIÓN DEL TÍTULO | |
| Título | Potenciar la capacidad de aprender a aprender |
| 250 ## - MENCION DE EDICION | |
| Mención de edición | Primera edición |
| 264 #1 - PRODUCCIÓN, PUBLICACIÓN, DISTRIBUCIÓN, FABRICACIÓN Y COPYRIGHT | |
| Producción, publicación, distribución, fabricación y copyright | Madrid: |
| Nombre del de productor, editor, distribuidor, fabricante | Alfaomega; Naecea |
| Fecha de producción, publicación, distribución, fabricación o copyright | 2005 |
| 264 #4 - PRODUCCIÓN, PUBLICACIÓN, DISTRIBUCIÓN, FABRICACIÓN Y COPYRIGHT | |
| Fecha de producción, publicación, distribución, fabricación o copyright | ©2005 |
| 300 ## - DESCRIPCIÓN FÍSICA | |
| Extensión | 192 páginas ; |
| Dimensiones | 21,05 X 14,02; |
| 504 ## - NOTA DE BIBLIOGRAFÍA, ETC. | |
| Nota de bibliografía, etc. | Bibliografías : 193-196 |
| 505 ## - NOTA DE CONTENIDO CON FORMATO | |
| Información miscelánea | 1. |
| Título | Qué cambiar para aprender-- |
| Información miscelánea | 2. |
| Título | Qué aprender para cambiar. |
| 521 ## - NOTA DE PÚBLICO DESTINATARIO | |
| Nota de público destinatario | Recomendado para un público en general. |
| 650 14 - PUNTO DE ACCESO ADICIONAL DE MATERIA--TÉRMINO DE MATERIA | |
| Término de materia o nombre geográfico como elemento de entrada | Potenciar la capacidad de aprender a aprender |
| 650 24 - PUNTO DE ACCESO ADICIONAL DE MATERIA--TÉRMINO DE MATERIA | |
| Término de materia o nombre geográfico como elemento de entrada | Comunicación Aprendizaje |
| 650 24 - PUNTO DE ACCESO ADICIONAL DE MATERIA--TÉRMINO DE MATERIA | |
| Término de materia o nombre geográfico como elemento de entrada | Mapas Conceptuales |
| 650 24 - PUNTO DE ACCESO ADICIONAL DE MATERIA--TÉRMINO DE MATERIA | |
| Término de materia o nombre geográfico como elemento de entrada | Mapas Conceptuales |
| 700 1# - ENTRADA AGREGADA--NOMBRE PERSONAL | |
| Nombre de persona | Gómez, Juan Pedro R |
| Término indicativo de función/relación | autor. |
| 700 2# - ENTRADA AGREGADA--NOMBRE PERSONAL | |
| Nombre de persona | Molina Rubio, Ana |
| Término indicativo de función/relación | autor. |
| 942 ## - ELEMENTOS DE ENTRADA SECUNDARIOS (KOHA) | |
| Fuente del sistema de clasificación o colocación | Clasificación Decimal Dewey |
| Tipo de ítem Koha | Libros |
| Suprimir en OPAC | No |
| Estatus retirado | Estado de pérdida | Fuente del sistema de clasificación o colocación | Estado de daño | No para préstamo | Biblioteca de origen | Biblioteca actual | Fecha de adquisición | Fuente de adquisición | Información codificada de la localización en otra ubicación | Total checkouts | Signatura topográfica completa | Código de barras | Visto por última vez | Precio de reemplazo | Tipo de ítem Koha |
|---|---|---|---|---|---|---|---|---|---|---|---|---|---|---|---|
| Clasificación Decimal Dewey | Biblioteca Central | Biblioteca Central | 12/01/2026 | Donación | UMCH | 370.152/O58p | 035704 | 12/01/2026 | 12/01/2026 | Libros |

